[Event "Shenzhen Masters"]
[Site "Shenzhen CHN"]
[Date "2024.03.06"]
[Round "6.2"]
[White "Arjun Erigaisi"]
[Black "Vladislav Artemiev"]
[Result "1/2-1/2"]
[EventDate "?"]
[WhiteElo "2738"]
[BlackElo "2711"]
[PlyCount "60"]

1. e4 e5 2. Nf3 Nc6 3. Bb5 a6 4. Ba4 Nf6 5. O-O b5 6. Bb3 Bb7 7. d3 Bc5 8. a4 O-O 9. Bg5 h6 10. Bh4 Be7 11. axb5 axb5 12. Rxa8 Bxa8 13. Na3 Bxa3 14. bxa3 Qe7 15. Qd2 Qd6 16. a4 b4 17. Rb1 Nh5 18. Bd5 Nf4 19. Bxc6 Bxc6 20. Bg3 Bxa4 21. Nxe5 Qxe5 22. Bxf4 Qc3 23. Rxb4 Qa1+ 24. Qc1 Qxc1+ 25. Bxc1 Bxc2 26. Rc4 Bxd3 27. Rxc7 Bxe4 28. Rxd7 Bf5 29. Rc7 Rc8 30. Rxc8+ Bxc8 1/2-1/2

[Event "Shenzhen Masters"]
[Site "Shenzhen CHN"]
[Date "2024.03.05"]
[Round "5.3"]
[White "Yu Yangyi"]
[Black "Arjun Erigaisi"]
[Result "1/2-1/2"]
[EventDate "?"]
[WhiteElo "2720"]
[BlackElo "2738"]
[PlyCount "50"]

1. e4 c5 2. Nf3 e6 3. d4 cxd4 4. Nxd4 Nc6 5. Nc3 Qc7 6. Be3 a6 7. Qd2 Nf6 8. O-O-O Be7 9. g4 Nxg4 10. Bf4 Nge5 11. Nxc6 bxc6 12. Rg1 g5 13. Rxg5 Bxg5 14. Bxg5 Nf3 15. Qe3 Nxg5 16. Qxg5 d6 17. Qg3 e5 18. f4 Qe7 19. Qg7 Rf8 20. f5 f6 21. Qg1 Rf7 22. Qg8+ Rf8 23. Qg1 Rf7 24. Qg8+ Rf8 25. Qg1 1/2-1/2

[Event "Shenzhen Masters"]
[Site "Shenzhen CHN"]
[Date "2024.03.02"]
[Round "3.2"]
[White "Anish Giri"]
[Black "Arjun Erigaisi"]
[Result "0-1"]
[EventDate "?"]
[WhiteElo "2762"]
[BlackElo "2738"]
[PlyCount "78"]

1. d4 Nf6 2. c4 e6 3. Nc3 Bb4 4. e3 O-O 5. Bd2 d5 6. a3 Bxc3 7. Bxc3 b6 8. Nf3 Ne4 9. Qc2 Ba6 10. Bd3 Nd7 11. Bxe4 dxe4 12. Nd2 f5 13. O-O-O Bb7 14. f4 Nf6 15. Rhg1 b5 16. d5 exd5 17. g4 fxg4 18. cxb5 c5 19. bxc6 Bxc6 20. Nc4 Rc8 21. Ne5 Bd7 22. Kb1 Bf5 23. Qd2 Qb6 24. Bd4 Qb7 25. h3 gxh3 26. Rg5 Ne8 27. Rdg1 Rc7 28. Ng4 Qa6 29. Qh2 Bxg4 30. R5xg4 Nf6 31. R4g3 Rfc8 32. f5 h5 33. Qxh3 Rc1+ 34. Rxc1 Qd3+ 35. Ka2 Rxc1 36. Rxg7+ Kf8 37. a4 Qd1 38. b3 Rc2+ 39. Ka3 a5 0-1

[Event "Shenzhen Masters"]
[Site "Shenzhen CHN"]
[Date "2024.03.01"]
[Round "2.4"]
[White "Arjun Erigaisi"]
[Black "Bu Xiangzhi"]
[Result "0-1"]
[EventDate "2024.02.29"]
[WhiteElo "2738"]
[BlackElo "2671"]
[PlyCount "72"]

1. e4 e5 2. Nf3 Nf6 3. d4 Nxe4 4. dxe5 d5 5. Nbd2 Qd7 6. Nd4 Qe7 7. N2f3 Nd7 8. Nb5 Nb6 9. Bd3 a6 10. Nc3 Bg4 11. O-O O-O-O 12. h3 Bh5 13. Qe2 Nc5 14. Bf5+ Kb8 15. g4 Bg6 16. Bg5 f6 17. exf6 gxf6 18. Qxe7 Bxe7 19. Rfe1 Bxf5 20. gxf5 d4 21. Rxe7 dxc3 22. Bxf6 Rhg8+ 23. Kf1 Nd5 24. Re5 cxb2 25. Rae1 Nxf6 26. Rxc5 Rge8 27. Rb1 Ne4 28. Rc4 Rd5 29. f6 Rf5 30. Kg2 Nxf6 31. Nd4 Rg5+ 32. Kh2 Reg8 33. Rb4 Rg2+ 34. Kh1 Ne4 35. Nc6+ Ka8 36. Rxe4 Rg1+ 0-1

[Event "Shenzhen Masters"]
[Site "Shenzhen CHN"]
[Date "2024.02.29"]
[Round "1.1"]
[White "Arjun Erigaisi"]
[Black "Xiangyu Xu"]
[Result "1-0"]
[EventDate "2024.02.29"]
[WhiteElo "2738"]
[BlackElo "2623"]
[PlyCount "128"]

1. d4 Nf6 2. c4 g6 3. Nc3 d5 4. cxd5 Nxd5 5. e4 Nxc3 6. bxc3 Bg7 7. Bc4 c5 8. Ne2 Nc6 9. d5 Ne5 10. Bb3 O-O 11. O-O e6 12. f4 c4 13. Ba3 Qb6+ 14. Nd4 Nd3 15. e5 exd5 16. Bc2 Rd8 17. Be7 Re8 18. Bd6 Bf8 19. Bxf8 Rxf8 20. Kh1 Bd7 21. Bxd3 cxd3 22. Qxd3 Rac8 23. f5 Qc7 24. e6 fxe6 25. fxe6 Ba4 26. h3 Rxf1+ 27. Qxf1 Rf8 28. Qe1 Qf4 29. Rb1 b6 30. e7 Re8 31. Rb2 Qf6 32. Re2 Bd7 33. g4 b5 34. Re5 Kf7 35. g5 Qf4 36. h4 b4 37. Re3 Kg8 38. Rf3 Qd6 39. cxb4 Rxe7 40. Qf2 Re4 41. a3 Qe7 42. Kg2 a6 43. Rf4 Ba4 44. Kg1 Bb5 45. Qf3 Rxf4 46. Qxf4 Qe1+ 47. Kh2 Bd7 48. Kg2 Qc3 49. Nf3 Qxa3 50. Qb8+ Kf7 51. Qh8 Bf5 52. Qxh7+ Ke8 53. Qg8+ Ke7 54. Qg7+ Ke8 55. Qe5+ Kf8 56. h5 Be4 57. Qf6+ Ke8 58. hxg6 Qxb4 59. Qf7+ Kd8 60. g7 Bxf3+ 61. Kxf3 Qe4+ 62. Kg3 Qe3+ 63. Kg4 Qe4+ 64. Qf4 1-0

[Event "World Blitz 2023"]
[Site "Samarkand UZB"]
[Date "2023.12.30"]
[Round "16.8"]
[White "Arjun Erigaisi"]
[Black "R Praggnanandhaa"]
[Result "1-0"]
[EventDate "2023.12.29"]
[WhiteElo "2729"]
[BlackElo "2665"]
[PlyCount "68"]

1. e4 e5 2. Nf3 Nc6 3. Bb5 a6 4. Ba4 Nf6 5. O-O Bc5 6. c3 O-O 7. d4 Ba7 8. Re1 b5 9. Bb3 d6 10. Be3 exd4 11. cxd4 Bg4 12. Nc3 Re8 13. h3 Bh5 14. g4 Bg6 15. Bg5 h6 16. Bh4 Na5 17. Bc2 c6 18. a3 Re6 19. d5 cxd5 20. Nxd5 Nc4 21. Nf4 Re8 22. Nxg6 fxg6 23. g5 hxg5 24. Nxg5 d5 25. b3 Ne5 26. exd5 Qxd5 27. Qxd5+ Nxd5 28. Rad1 Nf6 29. Kg2 Rac8 30. Bb1 Nf7 31. Bxg6 Nxg5 32. Bxe8 Nge4 33. Bg6 Nc3 34. Rc1 1-0

[Event "World Blitz 2023"]
[Site "Samarkand UZB"]
[Date "2023.12.30"]
[Round "13.3"]
[White "Sarin Nihal"]
[Black "Arjun Erigaisi"]
[Result "1/2-1/2"]
[EventDate "2023.12.29"]
[WhiteElo "2689"]
[BlackElo "2729"]
[PlyCount "102"]

1. Nf3 d5 2. e3 c5 3. Be2 Nc6 4. d4 Nf6 5. O-O e6 6. dxc5 Bxc5 7. a3 O-O 8. b4 Bd6 9. Bb2 Qe7 10. Nbd2 Rd8 11. c4 dxc4 12. Bxc4 b6 13. Qe2 Bb7 14. h3 Rac8 15. Ba6 Bxa6 16. Qxa6 Nb8 17. Qa4 Qb7 18. Bxf6 gxf6 19. b5 Nd7 20. Qh4 Be7 21. a4 Nf8 22. a5 Ng6 23. Qa4 f5 24. Rfd1 Bf6 25. Rac1 Kg7 26. Nf1 Rxc1 27. Rxc1 Ne5 28. Nd4 Rc8 29. Rxc8 Qxc8 30. axb6 axb6 31. Qa7 Bd8 32. Ng3 Qc1+ 33. Kh2 Qc7 34. Qa8 Nd3 35. f4 Nc5 36. Nc6 Nb7 37. Nh5+ Kh6 38. g4 fxg4 39. hxg4 Qd7 40. Kg3 f5 41. Nxd8 Nxd8 42. Qa1 Qf7 43. g5+ Kg6 44. Nf6 h6 45. Qd1 hxg5 46. Qh5+ Kg7 47. Qxg5+ Qg6 48. Nd7 Nf7 49. Qxg6+ Kxg6 50. Nxb6 Nd6 51. Kf3 Nxb5 1/2-1/2

[Event "World Blitz 2023"]
[Site "Samarkand UZB"]
[Date "2023.12.30"]
[Round "14.3"]
[White "Arjun Erigaisi"]
[Black "Daniil Dubov"]
[Result "1/2-1/2"]
[EventDate "2023.12.29"]
[WhiteElo "2729"]
[BlackElo "2763"]
[PlyCount "186"]

1. d4 Nf6 2. c4 g6 3. Nc3 Bg7 4. e4 d6 5. Be2 O-O 6. Bg5 Re8 7. Nf3 h6 8. Be3 Nc6 9. d5 Nb4 10. Qd2 Ng4 11. Bd4 e5 12. dxe6 Bxe6 13. Bxg7 Kxg7 14. Nd4 Nf6 15. O-O Bd7 16. f3 c6 17. a3 Na6 18. b4 Nc7 19. Rfd1 a5 20. Nc2 axb4 21. axb4 Rxa1 22. Rxa1 d5 23. exd5 cxd5 24. c5 b6 25. Nd4 bxc5 26. bxc5 Ne6 27. Nxe6+ Rxe6 28. Qd4 Qc7 29. Bf1 Qe5 30. Ne2 Qe3+ 31. Qxe3 Rxe3 32. Rc1 Kf8 33. c6 Bc8 34. Nd4 Ke7 35. Ra1 Ne8 36. Ra7+ Kf6 37. Nb5 Re1 38. Ra8 Bf5 39. Kf2 Rxf1+ 40. Kxf1 Bd3+ 41. Kf2 Bxb5 42. Rxe8 Bxc6 43. Rc8 Bd7 44. Rc7 Be6 45. Ke3 Ke5 46. Rc5 h5 47. h4 Kf5 48. g3 Ke5 49. Ra5 Bd7 50. f4+ Kf6 51. Rxd5 Bh3 52. Kd4 Bg4 53. Rd6+ Kg7 54. Ke5 Bh3 55. Rb6 Bg4 56. Rf6 Bh3 57. Rb6 Bg4 58. Rb7 Bh3 59. Ra7 Bg4 60. Re7 Bh3 61. Kd6 Kf6 62. Re5 Be6 63. Kc7 Ke7 64. Kc6 f6 65. Ra5 Bg4 66. Kd5 Kf7 67. Ra7+ Kf8 68. Kd6 Bh3 69. Re7 Bg4 70. Rc7 Bh3 71. Rc6 Kf7 72. Ra6 Bg4 73. Ra7+ Kf8 74. Kd5 Bh3 75. Kd4 Bg4 76. Ke4 Bf5+ 77. Kd5 Bg4 78. Kd6 Bh3 79. Ra8+ Kf7 80. Rd8 Bg4 81. Rh8 Bh3 82. Rh7+ Kf8 83. Re7 Bg4 84. Re4 Kf7 85. Re3 Bf5 86. Ra3 Bg4 87. Ra7+ Kf8 88. Kd5 Bh3 89. Ke4 Bf5+ 90. Kf3 Bg4+ 91. Kg2 Bf5 92. Rc7 Bg4 93. Kf2 Bh3 1/2-1/2

[Event "World Blitz 2023"]
[Site "Samarkand UZB"]
[Date "2023.12.30"]
[Round "15.1"]
[White "Magnus Carlsen"]
[Black "Arjun Erigaisi"]
[Result "1-0"]
[EventDate "2023.12.29"]
[WhiteElo "2887"]
[BlackElo "2729"]
[PlyCount "148"]

1. e4 c5 2. Nf3 e6 3. d3 Nc6 4. g3 d5 5. Nbd2 Nf6 6. Bg2 Be7 7. O-O Qc7 8. a4 h6 9. Re1 O-O 10. Qe2 b6 11. e5 Nh7 12. Nf1 Ba6 13. h4 Nb4 14. Qd1 Kh8 15. Bf4 d4 16. Bd2 Rad8 17. b3 Bb7 18. Bxb4 cxb4 19. N3d2 Bxg2 20. Kxg2 Rc8 21. Nc4 a6 22. Ra2 b5 23. Ncd2 Rfd8 24. axb5 axb5 25. Qf3 Kg8 26. Qe4 Nf8 27. Nf3 Bc5 28. N1d2 Nd7 29. Rea1 Bb6 30. g4 Nc5 31. Qf4 f6 32. Ne4 Rf8 33. Nxc5 Bxc5 34. Ra6 fxe5 35. Qxe5 Qb7 36. Qxe6+ Rf7 37. Qxc8+ Qxc8 38. Ra8 Rf8 39. Rxc8 Rxc8 40. Ra5 Be7 41. Rxb5 Rxc2 42. Nxd4 Rc3 43. Nf5 Bf8 44. d4 Rxb3 45. g5 hxg5 46. hxg5 g6 47. Nh4 Be7 48. Nxg6 Bd6 49. Rb6 Bc7 50. Rc6 Rc3 51. Rf6 b3 52. Ne7+ Kg7 53. Nd5 Rc1 54. Nxc7 b2 55. Ne6+ Kg8 56. Rf8+ Kh7 57. Rb8 b1=Q 58. Rxb1 Rxb1 59. Kf3 Kg6 60. Kf4 Rb5 61. Ke4 Rb1 62. d5 Re1+ 63. Kf4 Re2 64. f3 Re1 65. Nd4 Rd1 66. Nc6 Kf7 67. Ke5 Re1+ 68. Kf5 Rd1 69. Ne5+ Ke7 70. g6 Rxd5 71. g7 Rxe5+ 72. Kxe5 Kf7 73. g8=Q+ Kxg8 74. Kf6 1-0

[Event "World Blitz 2023"]
[Site "Samarkand UZB"]
[Date "2023.12.30"]
[Round "17.4"]
[White "Vachier-Lagrave, Maxime"]
[Black "Arjun Erigaisi"]
[Result "1/2-1/2"]
[EventDate "2023.12.29"]
[WhiteElo "2748"]
[BlackElo "2729"]
[PlyCount "98"]

1. e4 c5 2. Nf3 e6 3. d4 cxd4 4. Nxd4 Nf6 5. Nc3 Bb4 6. e5 Nd5 7. Qg4 Kf8 8. Bd2 h5 9. Qe4 d6 10. Rd1 dxe5 11. Qxe5 Nd7 12. Qg3 h4 13. Qf3 N5f6 14. Nb3 Qb6 15. a3 Be7 16. Be3 Qc7 17. Bf4 e5 18. Be3 a6 19. Bd3 Rb8 20. O-O h3 21. gxh3 b6 22. Nd2 Bb7 23. Nde4 Nc5 24. Bxc5 Bxc5 25. Rfe1 Qc8 26. Bf1 Rh4 27. Qd3 Bd4 28. Bg2 Rf4 29. Rd2 Nxe4 30. Nxe4 Qc7 31. c3 Bxe4 32. Rxe4 Rxe4 33. Qxe4 Bc5 34. Qh7 Rd8 35. Bd5 Rd6 36. Kf1 Rh6 37. Qf5 Rf6 38. Qg4 g6 39. h4 Rf4 40. Qg3 Qe7 41. b4 Bd6 42. h5 gxh5 43. Qh3 Qh4 44. Qxh4 Rxh4 45. Bxf7 Bxb4 46. axb4 Kxf7 47. Rd6 a5 48. Rxb6 axb4 49. Rxb4 1/2-1/2

[Event "World Blitz 2023"]
[Site "Samarkand UZB"]
[Date "2023.12.30"]
[Round "18.4"]
[White "Ian Nepomniachtchi"]
[Black "Arjun Erigaisi"]
[Result "0-1"]
[EventDate "2023.12.29"]
[WhiteElo "2795"]
[BlackElo "2729"]
[PlyCount "78"]

1. e4 c5 2. c3 d5 3. exd5 Nf6 4. Bb5+ Nbd7 5. d4 a6 6. Be2 Nxd5 7. Nf3 e6 8. O-O Qc7 9. c4 N5f6 10. Nc3 cxd4 11. Qxd4 b6 12. Bf4 Qc5 13. Be3 Bb7 14. Qh4 Qc6 15. Qg3 Bd6 16. Qh3 O-O 17. Rfd1 Qc7 18. Rac1 Rfd8 19. Nd4 Be5 20. b3 Nc5 21. Nf3 Rxd1+ 22. Nxd1 Bd6 23. Nc3 Rd8 24. Rd1 h6 25. Qh4 Nce4 26. Nxe4 Nxe4 27. Bf1 Bxh2+ 28. Nxh2 Rxd1 29. Ng4 f5 30. Nxh6+ gxh6 31. Qxh6 Qf7 32. Bf4 Qf6 33. Qh5 Rxf1+ 34. Kxf1 Qa1+ 35. Ke2 Qxa2+ 36. Kd1 Qb1+ 37. Ke2 Qc2+ 38. Ke1 Qxf2+ 39. Kd1 Nc3+ 0-1

[Event "World Blitz 2023"]
[Site "Samarkand UZB"]
[Date "2023.12.30"]
[Round "19.4"]
[White "Arjun Erigaisi"]
[Black "Alexey Sarana"]
[Result "1/2-1/2"]
[EventDate "2023.12.29"]
[WhiteElo "2729"]
[BlackElo "2707"]
[PlyCount "136"]

1. d4 Nf6 2. c4 e6 3. Bg5 d5 4. cxd5 exd5 5. Nc3 c6 6. e3 Be7 7. Bd3 Nbd7 8. h3 Nf8 9. Bf4 Ng6 10. Bg3 Bd6 11. Bxd6 Qxd6 12. Nf3 O-O 13. Qc2 Re8 14. O-O-O a5 15. g4 Qe7 16. Kb1 Bd7 17. Bxg6 hxg6 18. Ne5 Be6 19. f3 Nd7 20. Nd3 Nb6 21. h4 Nc4 22. Rde1 a4 23. h5 g5 24. h6 g6 25. e4 Qf6 26. Qf2 Qxf3 27. Qc2 Ne3 28. Qd2 Nc4 29. Qc2 Bxg4 30. Ref1 Ne3 31. Rxf3 Nxc2 32. h7+ Kg7 33. Rg3 dxe4 34. Ne5 Nxd4 35. Nxg4 f5 36. Nf2 g4 37. Nfd1 Rh8 38. Nxe4 fxe4 39. Rxg4 Nf3 40. Kc2 Rae8 41. Ne3 Rxh7 42. Nf5+ Kh8 43. Rxh7+ Kxh7 44. Nd6 Re5 45. Nxe4 Kh6 46. Rf4 Nd4+ 47. Kd3 Ne6 48. Rh4+ Kg7 49. Nd2 b5 50. Nf3 Rd5+ 51. Ke3 g5 52. Rh1 c5 53. b3 axb3 54. axb3 Nd4 55. Ke4 Rd6 56. Nxg5 Nxb3 57. Ke5 Rd2 58. Ne6+ Kf7 59. Rh7+ Kg6 60. Rg7+ Kh6 61. Rg4 c4 62. Kf6 Rf2+ 63. Nf4 Rxf4+ 64. Rxf4 Kh5 65. Rf5+ Kg4 66. Rxb5 Kf4 67. Rb4 Nd2 68. Rxc4+ 1/2-1/2

[Event "World Blitz 2023"]
[Site "Samarkand UZB"]
[Date "2023.12.30"]
[Round "20.5"]
[White "Arjun Erigaisi"]
[Black "Levon Aronian"]
[Result "0-1"]
[EventDate "2023.12.29"]
[WhiteElo "2729"]
[BlackElo "2772"]
[PlyCount "102"]

1. d4 Nf6 2. c4 e6 3. Nc3 Bb4 4. f3 d5 5. a3 Bxc3+ 6. bxc3 c5 7. cxd5 Nxd5 8. dxc5 Qa5 9. e4 Ne7 10. Qb3 O-O 11. a4 Nec6 12. Bb5 e5 13. Ne2 Be6 14. Bc4 Bxc4 15. Qxc4 Nd7 16. Be3 Rac8 17. O-O Qc7 18. Rfd1 Na5 19. Qb5 Nxc5 20. Rd5 b6 21. Bxc5 bxc5 22. Rad1 g6 23. h4 h5 24. Rd7 Qb6 25. R1d5 Nc6 26. Rxc5 Nb8 27. Qxb6 axb6 28. Rxc8 Rxc8 29. Rb7 Na6 30. Rxb6 Nc5 31. a5 Rd8 32. Rb5 Rd1+ 33. Kf2 Nd3+ 34. Ke3 Ne1 35. Rxe5 Nxg2+ 36. Kf2 Nxh4 37. Nd4 f6 38. Re7 Ra1 39. Nc6 Ra2+ 40. Ke3 Ng2+ 41. Kd4 h4 42. Rb7 h3 43. Rb1 Nh4 44. Ke3 Ng2+ 45. Kd4 Nh4 46. f4 g5 47. fxg5 fxg5 48. Rh1 g4 49. Ne5 g3 50. Rxh3 g2 51. Rxh4 g1=Q+ 0-1

[Event "World Blitz 2023"]
[Site "Samarkand UZB"]
[Date "2023.12.30"]
[Round "21.7"]
[White "Baadur Jobava"]
[Black "Arjun Erigaisi"]
[Result "0-1"]
[EventDate "2023.12.29"]
[WhiteElo "2591"]
[BlackElo "2727"]
[PlyCount "66"]

1. d4 d5 2. Bg5 h6 3. Bh4 c6 4. e3 Qb6 5. Bd3 e5 6. Nd2 exd4 7. exd4 Qxb2 8. Ngf3 Be7 9. Rb1 Qa3 10. Rb3 Qa5 11. Qe2 b5 12. Ne5 Be6 13. Ng6 Bxh4 14. Nxh8 Bg5 15. h4 Qxd2+ 16. Qxd2 Bxd2+ 17. Kxd2 Nd7 18. Re1 Nf8 19. a4 a6 20. Ra1 Rc8 21. axb5 axb5 22. Ra7 Nf6 23. f3 N8d7 24. Rba3 Ke7 25. Ra8 Nb8 26. R3a7+ Nfd7 27. f4 g6 28. Bxg6 fxg6 29. Nxg6+ Kf6 30. Ne5 Nb6 31. Rxb8 Rxb8 32. Nxc6 Rg8 33. Rb7 0-1

[Event "World Blitz 2023"]
[Site "Samarkand UZB"]
[Date "2023.12.29"]
[Round "1.14"]
[White "Roman Kezin"]
[Black "Arjun Erigaisi"]
[Result "1/2-1/2"]
[EventDate "2023.12.29"]
[WhiteElo "2492"]
[BlackElo "2729"]
[PlyCount "138"]

1. d4 Nf6 2. c4 e6 3. Nf3 d5 4. g3 dxc4 5. Bg2 b5 6. a4 c6 7. O-O a6 8. Ne5 Nd5 9. e4 Nb4 10. Nc3 Bb7 11. Qh5 Qc7 12. Bf4 Bd6 13. Nxf7 Qxf7 14. Qxf7+ Kxf7 15. Bxd6 Nd3 16. e5 Nd7 17. axb5 axb5 18. Nxb5 Nb6 19. Nc7 Ra4 20. Bh3 Bc8 21. Bc5 Rxa1 22. Rxa1 Nd5 23. Nxe6 Bxe6 24. Ra7+ Kg6 25. Bxe6 Rb8 26. Ra6 Nc7 27. Rxc6 Nxe6 28. Rxe6+ Kf5 29. Rb6 Rxb6 30. Bxb6 Nxb2 31. Ba5 Nd1 32. Kf1 c3 33. Ke2 c2 34. Bd2 Ke6 35. f3 Nb2 36. Bc1 Nc4 37. Kd3 Kd5 38. Kxc2 Kxd4 39. e6 Kd5 40. e7 Nd6 41. Ba3 Ne8 42. Kd3 Ke6 43. Kd4 g6 44. h4 Ng7 45. g4 Ne8 46. Ke4 Nf6+ 47. Kf4 h6 48. g5 hxg5+ 49. Kxg5 Kf7 50. Bc5 Ne8 51. f4 Ng7 52. Ba3 Ne6+ 53. Kg4 Ng7 54. Bb4 Ne6 55. f5 gxf5+ 56. Kxf5 Nd4+ 57. Kg5 Nc6 58. Ba3 Nxe7 59. h5 Nd5 60. h6 Nf6 61. Bb2 Nh7+ 62. Kf5 Nf8 63. Ba3 Nh7 64. Bb4 Nf8 65. Bc3 Nh7 66. Bg7 Nf8 67. Bxf8 Kxf8 68. h7 Kg7 69. Kg5 Kxh7 1/2-1/2

[Event "World Blitz 2023"]
[Site "Samarkand UZB"]
[Date "2023.12.29"]
[Round "2.22"]
[White "Arjun Erigaisi"]
[Black "Aleksandr Rakhmanov"]
[Result "0-1"]
[EventDate "2023.12.29"]
[WhiteElo "2729"]
[BlackElo "2521"]
[PlyCount "88"]

1. d4 Nf6 2. Bf4 d5 3. e3 e6 4. Nf3 Bd6 5. Ne5 Nc6 6. Nd2 Nd7 7. Bb5 Ncxe5 8. dxe5 Be7 9. h4 a6 10. Bd3 Nc5 11. Qg4 Nxd3+ 12. cxd3 Kf8 13. h5 h6 14. Rh3 f5 15. Qe2 c5 16. g4 Qb6 17. O-O-O Bd7 18. gxf5 exf5 19. Rg3 Rc8 20. Rdg1 c4 21. dxc4 dxc4 22. Rxg7 c3 23. Nb3 Bb5 24. Qd1 Qc6 25. R7g6 cxb2+ 26. Kb1 Qc4 27. Nd4 Ba3 28. Nc2 Qxc2+ 29. Qxc2 Bd3 30. Bxh6+ Kf7 31. Rg7+ Ke6 32. R1g6+ Kxe5 33. Bf4+ Ke4 34. f3+ Kxf3 35. Rg3+ Ke4 36. Qxd3+ Kxd3 37. Rd7+ Ke2 38. Rg2+ Kf3 39. Rc2 Rxc2 40. Kxc2 Rxh5 41. Rd1 Rh8 42. Kb3 Rc8 43. e4 Kxf4 44. Kxa3 Rc1 0-1

[Event "World Blitz 2023"]
[Site "Samarkand UZB"]
[Date "2023.12.29"]
[Round "3.53"]
[White "Venkataraman Karthik"]
[Black "Arjun Erigaisi"]
[Result "0-1"]
[EventDate "2023.12.29"]
[WhiteElo "2440"]
[BlackElo "2729"]
[PlyCount "32"]

1. d4 d5 2. c4 e6 3. Nc3 c6 4. e3 Nd7 5. Qc2 Bd6 6. Bd3 Ngf6 7. Nf3 O-O 8. O-O dxc4 9. Bxc4 a6 10. Rd1 b5 11. Be2 Qc7 12. Bd2 Bb7 13. Rac1 Rac8 14. a4 Rfe8 15. h3 Qb8 16. Ng5 h6 0-1

[Event "World Blitz 2023"]
[Site "Samarkand UZB"]
[Date "2023.12.29"]
[Round "4.20"]
[White "Sumiya Chinguun"]
[Black "Arjun Erigaisi"]
[Result "0-1"]
[EventDate "2023.12.29"]
[WhiteElo "2200"]
[BlackElo "2729"]
[PlyCount "112"]

1. e4 c5 2. Nc3 e6 3. f4 d5 4. Nf3 Nf6 5. e5 Nfd7 6. d3 Nc6 7. g3 b5 8. Bg2 b4 9. Ne2 a5 10. O-O Be7 11. Qe1 g6 12. g4 h5 13. gxh5 Rxh5 14. Be3 a4 15. d4 Ba6 16. Rf2 Qb6 17. Ng3 Rh8 18. Rd1 b3 19. axb3 axb3 20. cxb3 Qxb3 21. dxc5 Nxc5 22. Bf1 Bxf1 23. Rxf1 Na4 24. Nd4 Nxd4 25. Bxd4 Bc5 26. Bxc5 Nxc5 27. Qf2 Na4 28. f5 gxf5 29. Ra1 Rb8 30. Ra3 Qb4 31. Rfa1 Nb6 32. Ra7 Nd7 33. Rc1 Nxe5 34. Rcc7 Kf8 35. Qe3 Qb6 36. Qxb6 Rxb6 37. Rab7 Rxb7 38. Rxb7 Kg7 39. Kg2 f4 40. Nf1 Rc8 41. b4 Rc2+ 42. Kh3 Rf2 43. Ng3 fxg3 44. hxg3 Rb2 45. b5 Kg6 46. Rb8 d4 47. b6 d3 48. b7 Kf6 49. g4 Nd7 50. g5+ Ke7 51. Rc8 Rxb7 52. Rc3 Ne5 53. Rc1 d2 54. Rd1 Nc4 55. Kg3 Ne3 56. Rxd2 Nf1+ 0-1

[Event "World Blitz 2023"]
[Site "Samarkand UZB"]
[Date "2023.12.29"]
[Round "5.1"]
[White "Arjun Erigaisi"]
[Black "Jakhongir Vakhidov"]
[Result "1-0"]
[EventDate "2023.12.29"]
[WhiteElo "2729"]
[BlackElo "2574"]
[PlyCount "100"]

1. d4 Nf6 2. Nc3 d5 3. Bf4 e6 4. Nb5 Na6 5. e3 Be7 6. h4 Bd7 7. Nf3 O-O 8. c3 Ne4 9. a4 c6 10. Na3 Bd6 11. Bxd6 Nxd6 12. Bxa6 bxa6 13. Ne5 f6 14. Nd3 Nb7 15. h5 Qe7 16. c4 Rab8 17. cxd5 cxd5 18. h6 g6 19. b4 e5 20. O-O Bf5 21. Nc5 Nxc5 22. bxc5 Rfd8 23. Qd2 Qc7 24. Rfc1 Rb3 25. Nc2 a5 26. Ne1 Be4 27. Rc3 Rb4 28. f3 Bf5 29. Nd3 exd4 30. exd4 Rxd4 31. Rac1 Rc4 32. Nf2 Rxc3 33. Qxc3 d4 34. Qc4+ Qf7 35. Qb5 d3 36. Rd1 d2 37. Qxa5 Qe8 38. Qc3 Qe5 39. Qxe5 fxe5 40. c6 Kf7 41. g4 Bc2 42. c7 Rc8 43. Rxd2 Rxc7 44. a5 Ke6 45. Nh3 Kf6 46. Kf2 Bb3 47. Rd8 g5 48. Rd6+ Ke7 49. Rd3 Kf6 50. Rxb3 1-0

[Event "World Blitz 2023"]
[Site "Samarkand UZB"]
[Date "2023.12.29"]
[Round "6.13"]
[White "Arjun Erigaisi"]
[Black "Javokhir Sindarov"]
[Result "1-0"]
[EventDate "2023.12.29"]
[WhiteElo "2729"]
[BlackElo "2607"]
[PlyCount "66"]

1. d4 Nf6 2. Nc3 c5 3. d5 g6 4. e4 d6 5. Be2 Bg7 6. Nf3 O-O 7. Nd2 e6 8. O-O exd5 9. exd5 Re8 10. Nc4 Ne4 11. Nxe4 Rxe4 12. Bd3 Re8 13. Bf4 Bf8 14. a4 Na6 15. c3 Nc7 16. Qf3 b6 17. Qg3 Nxd5 18. Bxd6 Ba6 19. Bxf8 Rxf8 20. a5 Qf6 21. Ne3 Nb4 22. Ng4 Qd8 23. Bxa6 Nxa6 24. Qe5 f6 25. Qe6+ Kh8 26. axb6 axb6 27. Rfd1 Nc7 28. Qxb6 Rxa1 29. Rxa1 Qe7 30. Ne3 Rd8 31. h3 Qd6 32. Qb7 Ne6 33. Ra7 1-0

[Event "World Blitz 2023"]
[Site "Samarkand UZB"]
[Date "2023.12.29"]
[Round "7.8"]
[White "Johan-Sebastian Christiansen"]
[Black "Arjun Erigaisi"]
[Result "1-0"]
[EventDate "2023.12.29"]
[WhiteElo "2541"]
[BlackElo "2729"]
[PlyCount "72"]

1. e4 c5 2. Nf3 e6 3. c3 d5 4. e5 Nc6 5. d4 Bd7 6. Be2 f6 7. O-O fxe5 8. Nxe5 Nxe5 9. dxe5 Qc7 10. Bf4 O-O-O 11. a4 Ne7 12. Na3 a6 13. b4 Ng6 14. Bg3 Nxe5 15. b5 c4 16. Qd4 Bd6 17. Rfb1 Nf7 18. bxa6 bxa6 19. Nxc4 dxc4 20. Bxc4 Bc6 21. Bxe6+ Rd7 22. Qxg7 Re8 23. Qxf7 Rd8 24. Qxh7 Bxg3 25. hxg3 Qe5 26. Bxd7+ Rxd7 27. Qg8+ Rd8 28. Qg4+ Rd7 29. Qc4 Rd6 30. Re1 Qf5 31. Qxa6+ Kc7 32. Qa7+ Kc8 33. Re7 Bd7 34. Rae1 Qh5 35. Rg7 Qd5 36. Re8+ 1-0

[Event "World Blitz 2023"]
[Site "Samarkand UZB"]
[Date "2023.12.29"]
[Round "8.16"]
[White "Arjun Erigaisi"]
[Black "Volodar Murzin"]
[Result "1-0"]
[EventDate "2023.12.29"]
[WhiteElo "2729"]
[BlackElo "2591"]
[PlyCount "62"]

1. d4 d5 2. Nc3 Nf6 3. Bf4 Bf5 4. e3 e6 5. Bd3 Bd6 6. Nf3 O-O 7. Bxf5 exf5 8. Bg5 c6 9. Qd3 h6 10. Bh4 g6 11. Ne5 Be7 12. h3 Ne4 13. Bxe7 Qxe7 14. g4 Qh4 15. Qf1 Nxc3 16. bxc3 f4 17. exf4 Qe7 18. Kd2 Nd7 19. Qd3 Nb6 20. h4 Qf6 21. f5 gxf5 22. g5 Qe6 23. Rag1 h5 24. Qf3 Kg7 25. Qxh5 Rh8 26. Qf3 Rae8 27. h5 Nc4+ 28. Nxc4 dxc4 29. g6 Qe4 30. Qxe4 fxe4 31. h6+ 1-0

[Event "World Blitz 2023"]
[Site "Samarkand UZB"]
[Date "2023.12.29"]
[Round "9.9"]
[White "Vasquez Schroeder, Rodrigo"]
[Black "Arjun Erigaisi"]
[Result "0-1"]
[EventDate "2023.12.29"]
[WhiteElo "2582"]
[BlackElo "2729"]
[PlyCount "104"]

1. e4 c5 2. Nf3 e6 3. d4 cxd4 4. Nxd4 Nf6 5. Nc3 Bb4 6. e5 Nd5 7. Bd2 Nxc3 8. bxc3 Bf8 9. Bd3 Na6 10. O-O Nc5 11. Qf3 d6 12. Bf4 Nxd3 13. cxd3 dxe5 14. Bxe5 f6 15. Bg3 Kf7 16. Rab1 Qd5 17. Qe2 e5 18. Nb5 Qc6 19. c4 Bc5 20. Kh1 h5 21. h4 Bf5 22. Nc3 Rad8 23. Rbd1 Rd4 24. f3 Rhd8 25. Ne4 Be7 26. Bf2 R4d7 27. Be3 b6 28. Qc2 Kg8 29. Bf2 Bg6 30. Rfe1 Kh7 31. Qe2 Kh8 32. Rg1 f5 33. Nc3 Re8 34. Nd5 Bd8 35. Rge1 Bf7 36. Ne3 Qf6 37. Kg1 Bc7 38. Nc2 Red8 39. Nb4 Qd6 40. Nc2 e4 41. f4 exd3 42. Qf3 Qxf4 43. Ne3 d2 44. Re2 Qh2+ 45. Kf1 Qh1+ 46. Bg1 Bh2 47. Kf2 Bxg1+ 48. Rxg1 Qxh4+ 49. g3 Qe4 50. Qxe4 fxe4 51. Rd1 Rd3 52. g4 h4 0-1

[Event "World Blitz 2023"]
[Site "Samarkand UZB"]
[Date "2023.12.29"]
[Round "10.6"]
[White "Arjun Erigaisi"]
[Black "Aleksandar Indjic"]
[Result "1-0"]
[EventDate "2023.12.29"]
[WhiteElo "2729"]
[BlackElo "2631"]
[PlyCount "94"]

1. d4 Nf6 2. c4 e6 3. Nc3 Bb4 4. f3 d5 5. a3 Bxc3+ 6. bxc3 O-O 7. cxd5 exd5 8. e3 b6 9. Bd3 Ba6 10. Ne2 c5 11. O-O Bxd3 12. Qxd3 Re8 13. Ng3 Nc6 14. Bb2 h5 15. Rae1 g6 16. e4 h4 17. Nh1 Nh5 18. Qd2 cxd4 19. cxd4 Na5 20. Bc3 Nc4 21. Qh6 Qf6 22. Nf2 Qf4 23. Qxf4 Nxf4 24. g3 hxg3 25. hxg3 Nh5 26. Kg2 Rac8 27. a4 Na3 28. Bb2 Nc2 29. Re2 Rc4 30. Rd1 Nb4 31. Ng4 Kg7 32. Ne3 Rcc8 33. Ba3 Nc6 34. Nxd5 f5 35. Bb2 fxe4 36. fxe4 Na5 37. Nb4 Nc4 38. Ba1 Kg8 39. d5 Nd6 40. e5 Nf5 41. Nc6 Nhg7 42. g4 Ne7 43. Nxe7+ Rxe7 44. e6 Rc4 45. Kg3 Ne8 46. d6 Nxd6 47. Rxd6 1-0